|
|
|
|
| LEADER |
02182nam a2200601 a 4500 |
| 001 |
nkc20091966239 |
| 003 |
CZ PrNK |
| 005 |
20240124082433.0 |
| 007 |
ta |
| 008 |
090713s2009 xr e 000 fbcze |
| 015 |
|
|
|a cnb001966239
|
| 020 |
|
|
|a 978-80-86201-42-9
|q (váz.)
|
| 035 |
|
|
|a (OCoLC)433016449
|
| 040 |
|
|
|a ABA001
|b cze
|
| 041 |
1 |
|
|a cze
|h eng
|
| 043 |
|
|
|a a-mp---
|
| 045 |
|
|
|a p6q2
|
| 072 |
|
7 |
|a 821.111-3
|x Anglická próza, anglicky psaná
|2 Konspekt
|9 25
|
| 072 |
|
7 |
|a 929
|x Biografie
|2 Konspekt
|9 8
|
| 080 |
|
|
|a 821.111-31
|2 MRF
|
| 080 |
|
|
|a 929.731
|2 MRF
|
| 080 |
|
|
|a 94(517.3)
|2 MRF
|
| 080 |
|
|
|a (0:82-311.6)
|2 MRF
|
| 080 |
|
|
|a (0:82-312.6)
|2 MRF
|
| 100 |
1 |
|
|a Iggulden, Conn,
|d 1971-
|7 xx0015178
|4 aut
|
| 245 |
1 |
0 |
|a Dobyvatelé.
|p Vlk plání /
|c Conn Iggulden ; [z anglického originálu ... přeložila Petra Borovanská]
|
| 246 |
3 |
0 |
|a Vlk plání
|
| 250 |
|
|
|a 1. vyd. v českém jazyce
|
| 260 |
|
|
|a [Statenice] :
|b Millennium,
|c 2009
|
| 300 |
|
|
|a 407 s. ;
|c 24 cm
|
| 500 |
|
|
|a 1. část trilogie
|
| 600 |
0 |
7 |
|a Čingischán,
|d asi 1161-1227
|7 jn20010525146
|2 czenas
|
| 600 |
0 |
9 |
|a Genghis Khan,
|d 1162-1227
|2 eczenas
|
| 648 |
|
4 |
|a 1161-1227
|
| 650 |
0 |
7 |
|a panovníci
|7 ph117250
|z Mongolsko
|y 12.-13. století
|2 czenas
|
| 650 |
0 |
9 |
|a kings and rulers
|z Mongolia
|y 12th-13th centuries
|2 eczenas
|
| 651 |
|
7 |
|a Mongolsko
|7 ge130064
|x dějiny
|y 12.-13. století
|2 czenas
|
| 651 |
|
9 |
|a Mongolia
|x history
|y 12th-13th centuries
|2 eczenas
|
| 655 |
|
7 |
|a anglické romány
|7 fd131814
|2 czenas
|
| 655 |
|
7 |
|a historické romány
|7 fd132414
|2 czenas
|
| 655 |
|
7 |
|a biografické romány
|7 fd131905
|2 czenas
|
| 655 |
|
9 |
|a English fiction
|2 eczenas
|
| 655 |
|
9 |
|a historical novels
|2 eczenas
|
| 655 |
|
9 |
|a biographical novels
|2 eczenas
|
| 765 |
0 |
|
|t Wolf of the plains
|9 Česky
|
| 787 |
0 |
8 |
|i Z cyklu:
|t Čingischán
|g 1
|
| 856 |
4 |
1 |
|u https://www.digitalniknihovna.cz/mzk/uuid/uuid:23d54e00-fd20-11e4-88cd-005056827e52
|y Digitalizovaný dokument
|x NDK
|
| 910 |
2 |
|
|a BOA001
|b 2-1226.446
|
| 928 |
9 |
|
|a Milenium
|
| 990 |
|
|
|a BK
|
| 995 |
|
|
|a 01
|
| 991 |
|
|
|b 200908
|
| 996 |
6 |
|
|b 2610383997
|c 2-1226.446
|l MZK
|r Sklad / do 1 hodiny
|n 2
|p p.v.
|w 001089398
|u 000010
|a 1
|e BOA001
|j MZK50
|s P
|